• 首页
  • 本馆介绍
  • 公告通知
  • 最新文献
  • 馆藏检索
  • 电子资源
  • 读者导购
  • 参考咨询
  • 我的图书馆
  • 登录
  • 详细信息显示
  • 放入我的书架
  • 预约/预借图书
  • 作者相关作品
  • 分类相关作品
  • 丛书相关作品
  • 出版社相关作品

书目信息

  • 表格格式
  • 工作单格式
  • 卡片格式
题名:
电信工程技术手册
    
 
作者: 皮翁特柯夫斯基 著 ;中华人民共和国邮电部编译室 编
分册:  
出版信息: 北京   人民邮电出版社  1955
页数: 267页
开本: 20cm
丛书名:
单 册:
中图分类: TN876.8
科图分类:
主题词: 终端设备
电子资源:
ISBN:
000 00793nam0 2200205 450
001 0641748700
005 20060323114048.95
010    @dCNY1.00
100    @a20060323d1955 km y0chiy0120 ea
101 0  @achi
102    @aCN@b110000
200 1  @a电信工程技术手册@Adian xin gong cheng ji shu shou ce@f(苏)Б·А·皮翁特柯夫斯基等著@F(su)Б·А·pi weng te ke fu si ji deng zhu@g中华人民共和国邮电部编译室编@Gzhong hua ren min gong he guo you dian bu bian yi shi bian
210    @a北京@c人民邮电出版社@d1955
215 1  @a267页@d20cm
606 0  @a终端设备
690    @aTN876.8@v4
701  0 @a皮翁特柯夫斯基@Api weng te ke fu si ji@4著
712  0 @a中华人民共和国邮电部编译室@Azhong hua ren min gong he guo you dian bu bian yi shi@4编
801  0 @aCN@bPFT@c20060323
905    @a10447@dTN876.8@e3:1
    
    电信工程技术手册/(苏)Б·А·皮翁特柯夫斯基等著/中华人民共和国邮电部编译室编.-北京:人民邮电出版社,1955
    267页;20cm
    
    
    ISBN :CNY1.00
    
●
相关链接 在E读中查询图书 在五车中查询图书 在当当中查询图书 在豆瓣中查询图书


正题名:电信工程技术手册     索取号:TN876.8/3:1         预约/预借

序号 登录号 条形码 馆藏地/架位号 状态 备注
1 0017920   202208725   密集书库/ [索取号:TN876.8/3:1] 在馆    
唐山师范学院图书馆 欢迎您!
大连网信软件有限公司© 版权所有